|
|
|
|
| LEADER |
00000nam a22000007a 4500 |
| 005 |
20210503221010.0 |
| 007 |
cr|||| |||| |
| 008 |
210503s2017 co |||||s|||| 00||0 spa d |
| 020 |
|
|
|a 978-958-665-450-0
|
| 035 |
|
|
|a 33230
|
| 040 |
|
|
|a vLex
|
| 090 |
|
|
|c 11592
|d 11592
|
| 100 |
1 |
|
|a Forero Quintero, Gustavo
|
| 245 |
1 |
2 |
|a La novela de crm̕enes en Amřica Latina
|h [Recurso electrn̤ico] :
|b un espacio de anomia social /
|c Gustavo Forero Quintero
|
| 256 |
|
|
|a Servicio en ln̕ea
|
| 260 |
|
|
|a Bogot:̀
|b Siglo del Hombre Editores,
|c 2017
|
| 300 |
|
|
|a 1 recurso electrn̤ico
|
| 500 |
|
|
|a El autor estudia el tema de la responsabilidad penal en Los minutos negros de Martn̕ Solares; el desengaǫ de la revolucin̤ y el olvido en Verano rojo, de Daniel Quirs̤; la literatura sobre el horror en Bioy, de Diego Trelles Paz; la revisin̤ de las labores de la polica̕ en Brasil en Elite de tropa, de Luis Eduardo Soares; el poder de la prensa en Argentina en Crm̕enes apropiados, de Fabio Lezcano, y la vigencia del MIR en Chile en Las manos al fuego, de Jos ̌Gai Hernǹdez. Estas novelas anticipan otro modo de organizacin̤ social, donde tiende a desaparecer la figura del Estado sancionador.
|
| 506 |
1 |
|
|a Disponible solo en los productos indicados
|d vLex Global
|d vLex Global (Academic Edition, excluding Law Schools)
|d vLex Global (U.S. Academic Edition, Law Schools)
|d vLex Global (U.S. Academic Edition, excluding Law Schools)
|d vLex Global (Academic Edition, Law Schools)
|
| 650 |
0 |
4 |
|a Literatura
|z Colombia
|
| 740 |
0 |
|
|a vLex Libros (Servicio en ln̕ea)
|
| 856 |
4 |
0 |
|u https://vlex.com/source/novela-de-crimenes-en-america-latina-un-espacio-de-anomia-social-33230
|z Acceso restringido
|
| 942 |
|
|
|c BOOK
|
| 999 |
0 |
|
|a Literature
|